Ciudadanía mundial para la justicia social : (Record no. 180065)

MARC details
000 -CABECERA
campo de control de longitud fija 01588nab a2200289 a 4500
005 - FECHA Y HORA DE LA ÚLTIMA TRANSACCIÓN
campo de control 20210219162639.0
008 - ELEMENTOS DE LONGITUD FIJA--INFORMACIÓN GENERAL
campo de control de longitud fija 991125s1985 mx 000 0 spa u
035 ## - NÚMERO DE CONTROL DEL SISTEMA
Número de control de sistema UPN01000207964
049 ## - COLECCIÓN
Colección ART
100 1# - ASIENTO PRINCIPAL--NOMBRE PERSONAL
Nombre de persona Von Kotze, Astrid
100 1# - ASIENTO PRINCIPAL--NOMBRE PERSONAL
Filiación astridvonkotze@gmail.com
100 1# - ASIENTO PRINCIPAL--NOMBRE PERSONAL
Nombre de persona McMillan, Janice
100 1# - ASIENTO PRINCIPAL--NOMBRE PERSONAL
Filiación janice.mcmillan@uct.ac.za
222 #0 - TÍTULO CLAVE
Título clave EDUCACION DE ADULTOS Y DESARROLLO
245 00 - MENCIÓN DE TÍTULO
Título Ciudadanía mundial para la justicia social :
Resto del título formar a los alumnos de educación superior en el Sur mundial
260 ## - PUBLICACIÓN, DISTRIBUCIÓN, ETC.
Lugar de publicación, distribución, etc. Bonn, Alemania
300 ## - DESCRIPCIÓN FÍSICA
Extensión 96-101
362 0# - FECHAS DE PUBLICACIÓN Y/O DESIGNACIÓN SECUENCIAL
Fecha de publicación y/o designación secuencial 2015 Número 82
520 ## - NOTA DE RESUMEN, ETC.
Sumario, etc. El Programa de Ciudadanía Mundial (Global Citizenship Programme - GCP) es un programa voluntario de aprendizaje y desarrollo que se imparte en la Universidad de Ciudad del Cabo, Sudáfrica. En él se desafía a alumnos privilegiados a asumir sus responsabilidades como ciudadanos y se les insta a reflexionar sobre la manera en que pueden contribuir a remediar las enormes desigualdades que se observan en Sudáfrica. ¿Cómo cumplirán su misión en el mundo de manera responsable, respetando a todos los seres vivientes?
653 0# - TERMINO DE INDIZACION - NO CONTROLADO
Término no controlado CIUDADANIA MUNDIAL
653 0# - TERMINO DE INDIZACION - NO CONTROLADO
Término no controlado EDUCACION SUPERIOR
653 0# - TERMINO DE INDIZACION - NO CONTROLADO
Término no controlado ESTUDIANTE UNIVERSITARIO
653 0# - TERMINO DE INDIZACION - NO CONTROLADO
Término no controlado JUSTICIA SOCIAL
653 0# - TERMINO DE INDIZACION - NO CONTROLADO
Término no controlado SUDAFRICA
856 4# - LOCALIZACIÓN Y ACCESO ELECTRÓNICOS
Identificador Uniforme del Recurso <a href="https://www.dvv-international.de/es/educacion-de-adultos-y-desarrollo/ediciones/ead-822015-la-educacion-para-la-ciudadania-mundial/articulos/global-citizenship-for-social-justice-educating-higher-education-students-in-the-global-south/">https://www.dvv-international.de/es/educacion-de-adultos-y-desarrollo/ediciones/ead-822015-la-educacion-para-la-ciudadania-mundial/articulos/global-citizenship-for-social-justice-educating-higher-education-students-in-the-global-south/</a>
905 ## - TIPO DE MATERIAL
Tipo de material Articulo

No items available.